banner-ar

حقائق عن المانيا: (Record no. 47028)

MARC details
000 -الفاتح
حقل البيانات ثابتة الطول 00659nam a2200181Ia 4500
005 - وقت وتاريخ اخر تعامل مع التسجيلة
رقم الضبط 20240530104357.0
008 - عناصر البيانات ثابتة الطول - معلومات عامة
حقل البيانات ثابتة الطول 140319s9999 xx 000 0 ara d
040 ## - مصدر الفهرسة
وكالة الفهرسة الأصلية GCL /
وكالة النسخ GCL
082 04 - رقم تصنيف ديوى العشرى
رقم التصنيف 943
رقم المادة م ا
100 1# - المدخل الرئيسى - إسم شخصى
الإسم الشخصى معهد برتاسمان للموسوعات
245 10 - بيان العنوان
العنوان حقائق عن المانيا:
بقية العنوان جمهورية المانيا الاتحادية /
بيان المسئوليه,etc معهد برتاسمان للموسوعات
300 ## - الوصف المادى
التعداد 381 ص؛
أبعاد الوعاء 19 سم
650 04 - المدخل الاضافى بالموضوع-مصطلح موضوعى
مصطلح موضوعي الجغرافيا الطبيعية
التقسيم الفرعي العام المانيا
650 04 - المدخل الاضافى بالموضوع-مصطلح موضوعى
مصطلح موضوعي المانيا - تاريخ - العصرالحديث
650 04 - المدخل الاضافى بالموضوع-مصطلح موضوعى
مصطلح موضوعي المجتمع الالمانى
942 ## - عناصر المدخل الإضافي( كوها)
مصدر التصنيف او مخطط الترفيف Dewey Decimal Classification
Koha [default] item type كتاب
Holdings
حالة التراجع حالة الفقد حالة تلف ليس للاعارة المكان المؤقت الموقع الحالى تاريخ الاكتساب اجمالي اﻻعارات رقم الطلب الباركود تاريخ اخر مشاهدة تاريخ تفعيل السعر نوع وعاء كوها
        مكتبة القاهرة الكبرى مكتبة القاهرة الكبرى 03/26/2014   943\م ا 114082 03/26/2014 03/26/2014 كتاب

Powered By

EGPV